• 首页
  • 本馆介绍
  • 公告通知
  • 最新文献
  • 馆藏检索
  • 电子资源
  • 读者导购
  • 参考咨询
  • 我的图书馆
  • 登录
  • 详细信息显示
  • 放入我的书架
  • 预约/预借图书
  • 作者相关作品
  • 分类相关作品
  • 丛书相关作品
  • 出版社相关作品

书目信息

  • 表格格式
  • 工作单格式
  • 卡片格式
题名:
老年痴呆症的音乐治疗
    
 
作者: 戴维 主编 ;高天 译
分册:  
出版信息: 北京   中国轻工业出版社  2014
页数: 240页
开本: 24cm
丛书名:
单 册:
中图分类: R749.105
科图分类:
主题词: 阿尔茨海默病--a er ci hai mo bing--音乐疗法
电子资源:
ISBN: 978-7-5019-9039-9
000 01073nam0 22002531 450
001 1754490934
005 20170516112211.0
010    @a978-7-5019-9039-9@dCNY36.00
100    @a20140526d2014 em y0chiy50 ea
101 1  @achi@ceng
102    @aCN@b110000
105    @ay z 000yy
106    @ar
200 1  @a老年痴呆症的音乐治疗@9lao nian chi ai zheng de yin le zhi liao@dMusic therapy in dementia care@f(英)David Aldridge主编@g高天等译@zeng
210    @a北京@c中国轻工业出版社@d2014
215    @a240页@d24cm
330    @a本书对音乐治疗老年痴呆症进行了全面阐述,介绍了音乐治疗在改善患者记忆力、健康水平以及自尊方面的作用。书中探索了在与这一特殊群体工作时会遇到的一些特殊问题,比如如何处理有关战争记忆,以及音乐治疗在通过声音和动作促进交流方面的作用。
510 1  @aMusic therapy in dementia care@zeng
606 0  @a阿尔茨海默病@9a er ci hai mo bing@x音乐疗法
690    @aR749.105@v5
701  0 @c(英)@a戴维@9dai wei@c(David, Aldridge)z@4主编
702  0 @a高天@9gao tian@c(音乐治疗)@4译
801  0 @aCN@b百万庄@c20170512
905    @b1005462-7@dR749.105@e133@f6
    
    老年痴呆症的音乐治疗=Music therapy in dementia care/(英)David Aldridge主编/高天等译.-北京:中国轻工业出版社,2014
    240页;24cm
    
    
    ISBN 978-7-5019-9039-9:CNY36.00
    本书对音乐治疗老年痴呆症进行了全面阐述,介绍了音乐治疗在改善患者记忆力、健康水平以及自尊方面的作用。书中探索了在与这一特殊群体工作时会遇到的一些特殊问题,比如如何处理有关战争记忆,以及音乐治疗在通过声音和动作促进交流方面的作用。
●
相关链接 在E读中查询图书 在五车中查询图书 在当当中查询图书 在豆瓣中查询图书


正题名:老年痴呆症的音乐治疗     索取号:R749.105/133         预约/预借

序号 登录号 条形码 馆藏地/架位号 状态 备注
1 1005462   210054625   第二样本阅览室/ [索取号:R749.105/133] 在馆    
2 1005463   210054634   教育系资料室/ [索取号:R749.105/133] 在馆    
3 1005464   210054643   教育系资料室/ [索取号:R749.105/133] 在馆    
4 1005465   210054652   教育系资料室/ [索取号:R749.105/133] 在馆    
5 1005466   210054661   第三借阅区/ [索取号:R749.105/133] 在馆    
6 1005467   210054670   第三借阅区/ [索取号:R749.105/133] 在馆    
唐山师范学院图书馆 欢迎您!
大连网信软件有限公司© 版权所有